00236nam a2200085Ia 4500008004100000082001700041100003000058245004200088300002000130230907s9999||||xx |||||||||||||| ||und|| a621.3192,TRA aMartinez-Velasco, Juan A. 0aTransient analysis of power systems : axx, 625 pages ;